| 000 | 01834nam a2200505 a 4500 | ||
|---|---|---|---|
| 001 | 22738 | ||
| 003 | SK-KTurca | ||
| 005 | 20260422123627.0 | ||
| 006 | r j rn | ||
| 008 | 240315s2011 xo a j 000 j slo | ||
| 015 | _aSNBA2011/08-04372 | ||
| 020 |
_a9788080895167 _q(viaz.) |
||
| 040 |
_aPPPK _bslo _cPPPK _dSNK _eAACR2 |
||
| 041 | 1 |
_aslo _hger |
|
| 044 |
_axo _cSK |
||
| 072 | 7 |
_a821.112.2-3 _xNemecká próza, nemecky písaná _2konspekt |
|
| 072 | 7 |
_a821-93 _xLiteratúra pre deti a mládež (beletria) _2konspekt |
|
| 080 |
_a821.112.2(436)-32 _22001 |
||
| 080 |
_a(0:82-321.3) _22001 |
||
| 080 |
_a821-93 _22001 |
||
| 100 | 1 |
_aBrezina, Thomas, _d1963- _4aut |
|
| 240 | 0 | 4 |
_aDie Rüstung des Schwarzen Prinzen _lSlovensky |
| 245 | 1 | 0 |
_aBrána času _cThomas C. Brezina ; ilustrovala Nora Nowatzyková ; [z nemeckého originálu preložila Elena Stuppacherová] _n[2] _pÚtok na čierneho rytiera |
| 246 | 3 | 0 | _aÚtok na čierneho rytiera |
| 246 | 1 |
_iNázov v tiráži: _aBrána času 2 - Útok na čierného rytiera |
|
| 250 | _a1. vyd. | ||
| 260 |
_aBratislava _bFragment _c2011 |
||
| 300 |
_a109 s. _bilustr. _c19 cm _e1 plastová lupa |
||
| 490 | 1 | _aKlub záhad | |
| 490 | 1 | _aČítanie pre radosť a poučenie | |
| 521 | _aPre čitateľov od 11 rokov | ||
| 655 | 7 |
_arakúske príbehy _2SNKPH |
|
| 655 | 7 |
_adobrodružné príbehy _2SNKPH |
|
| 655 | 7 |
_apublikácie pre deti _2SNKPH |
|
| 655 | 7 |
_aAustrian stories _2SNKPHeng |
|
| 655 | 7 |
_aAdventure stories _2SNKPHeng |
|
| 655 | 7 |
_aChildren's literature _2SNKPHeng |
|
| 700 | 1 |
_aNowatzyk, Nora _4ill |
|
| 700 | 1 |
_aStuppacherová, Elena, _d1946- _4trl |
|
| 830 | 0 | _aKlub záhad | |
| 830 | 0 | _aČítanie pre radosť a poučenie | |
| 942 |
_2ddc _cKLDE _n0 |
||
| 980 | _a821.112.2(436)-32 | ||
| 999 |
_c22738 _d22738 |
||